Proyecto de ley : (Registro nro. 12049)

Detalles MARC
000 -LEADER
fixed length control field 00781nam a2200217Ia 4500
003 - CONTROL NUMBER IDENTIFIER
control field OSt
005 - DATE AND TIME OF LATEST TRANSACTION
control field 20210730153825.0
008 - FIXED-LENGTH DATA ELEMENTS--GENERAL INFORMATION
fixed length control field 210310s1923 ck gr 000 0 spa d
040 ## - CATALOGING SOURCE
Original cataloging agency CO-JMCR
Transcribing agency CO-JMCR
041 0# - LANGUAGE CODE
Language code of text/sound track or separate title spa
082 04 - DEWEY DECIMAL CLASSIFICATION NUMBER
Classification number 332.10262 /
Item number M678p
Edition number 23
110 2# - MAIN ENTRY--CORPORATE NAME
Corporate name or jurisdiction name as entry element Misión de Consejeros Financieros
9 (RLIN) 38939
245 10 - TITLE STATEMENT
Title Proyecto de ley :
Remainder of title sobre establecimientos bancarios y exposiciones de motivos de dicho proyecto
Statement of responsibility, etc. Misión de Consejería Financiera
260 ## - PUBLICATION, DISTRIBUTION, ETC.
Place of publication, distribution, etc. Bogotá :
Name of publisher, distributor, etc. Misión de Consejería Financiera,
Date of publication, distribution, etc. 1923
300 ## - PHYSICAL DESCRIPTION
Extent 115 páginas ;
Dimensions 24 cm.
500 ## - GENERAL NOTE
General note Presentados al gobierno de Colombia.
650 14 - SUBJECT ADDED ENTRY--TOPICAL TERM
Topical term or geographic name entry element Proyecto de Ley
9 (RLIN) 27151
650 24 - SUBJECT ADDED ENTRY--TOPICAL TERM
Topical term or geographic name entry element Bancos
Form subdivision proyecto de ley
9 (RLIN) 38940
710 1# - ADDED ENTRY--CORPORATE NAME
Corporate name or jurisdiction name as entry element Misión de Consejería Financiera
9 (RLIN) 38941
942 ## - ADDED ENTRY ELEMENTS (KOHA)
Source of classification or shelving scheme Dewey Decimal Classification
Koha item type Books
Existencias
Withdrawn status Lost status Source of classification or shelving scheme Damaged status Not for loan Home library Current library Shelving location Date acquired Source of acquisition Full call number Barcode Date last seen Copy number Price effective from Koha item type
    Dewey Decimal Classification     Biblioteca Pública José María del Castillo y Rada Biblioteca Pública José María del Castillo y Rada General Stacks 04/15/2018 Donación 332.10262 / M678p 430002359 05/16/2024 Ej.1 03/10/2021 Books